00448nam a22001817a 450000500170000000800410001704000070005804100120006508200210007710000160009824500200011426000370013430000260017165000120019765000110020965000280022070000180024820221227112900.0221227b ||||| |||| 00| 0 eng d cAL aEnglish 223a321.94bCARR aF L Carsten aRise of Fascism aLondonbMethuen and Co Ltdc1967 a256 p.bPBc20x13 cm. aFascism aEurope aPolitics and government aCARSTEN (F L)